| 000 | 00544nam a22001937a 4500 | ||
|---|---|---|---|
| 003 | KOHA_MİRAKIL | ||
| 005 | 20260325134829.0 | ||
| 008 | 260325b tu ||||| |||| 00| 0 tur d | ||
| 020 | _a9789756420300 | ||
| 040 |
_aTR-AnABB _btur _cTR-AnABB |
||
| 041 | _atur | ||
| 082 |
_a398.5 _bGUN 2011 |
||
| 100 | 1 | _aMiyasoğlu, Mustafa | |
| 245 | 1 | 0 |
_aDede Korkut kitabı / _cMustafa Miyasoğlu |
| 260 |
_aİstanbul : _bKonak yayınları, _c2011 |
||
| 300 |
_a206 sayfa : _c20 cm |
||
| 650 | 0 | 4 | _aDede Korkut hikayeleri |
| 942 |
_2ddc _cBK |
||
| 999 |
_c10054 _d10054 |
||
| 900 | _bCem ÖZOGLU | ||